000 00567nam a2200217Ia 4500
003 OSt
005 20220918191936.0
006 a|||||r|||| 00| 0
007 ta
008 220917b |||||||| |||| 00| 0 eng d
024 _a66,045
037 _cTextual
040 _aARTS
_cARTS
_beng
041 _2eng
_aeng
082 _aR20a2, M7 (2D)
100 _aGupta B L
_977782
245 0 _aKnowledge communication and library
260 _aJaipur
_bPrintwell
_c1987
942 _hR20a2, M7 (2D)
_cTEXL
_2CC
999 _c192279
_d192279